[Event "IECG CP.2008.P.00023 email"]
[Site "IECG email"]
[Date "2008.10.01"]
[Round "?"]
[White "Janning, Henning"]
[Black "De Jongh, Alejandro"]
[Result "1-0"]
[WhiteElo "1664"]
[BlackElo "774"]
[PlyCount "43"]
[EventDate "2008.10.01"]
[EventType "tourn (corr)"]
[EventRounds "6"]
[EventCountry "USA"]
[SourceTitle "Corr 2024"]
[Source "ChessBase"]
[SourceDate "2023.10.19"]
[SourceVersion "1"]
[SourceVersionDate "2023.10.19"]
[SourceQuality "1"]

1. d4 Nf6 2. c4 g6 3. Nc3 d5 4. cxd5 Nxd5 5. e4 Nxc3 6. bxc3 Bg7 7. Nf3 0-0 8. Be2 c5 9. Rb1 cxd4 10. cxd4 Nc6 11. d5 Ne5 12. Nxe5 Bxe5 13. 0-0 Qc7 14. f4 Qc5+ 15. Kh1 Bg7 16. Rb3 b6 17. Ba3 Qc7 18. d6 exd6 19. Bxd6 Qb7 20. Bxf8 Bxf8 21. Bc4 Bd7 22. f5 1-0

[Event "IECG CP.2007.P.00057 email"]
[Site "IECG email"]
[Date "2007.10.01"]
[Round "?"]
[White "O'Bee, Chris"]
[Black "Janning, Henning"]
[Result "1-0"]
[WhiteElo "2432"]
[BlackElo "1608"]
[PlyCount "155"]
[EventDate "2007.10.01"]
[EventType "tourn (corr)"]
[EventRounds "6"]
[EventCountry "ARG"]
[SourceTitle "Corr 2024"]
[Source "ChessBase"]
[SourceDate "2023.10.19"]
[SourceVersion "1"]
[SourceVersionDate "2023.10.19"]
[SourceQuality "1"]

1. e4 c5 2. Nf3 d6 3. d4 cxd4 4. Nxd4 Nf6 5. Nc3 a6 6. Bg5 e6 7. f4 Be7 8. Qf3 Qc7 9. 0-0-0 Nbd7 10. g4 b5 11. Bxf6 Nxf6 12. g5 Nd7 13. f5 Nc5 14. f6 gxf6 15. gxf6 Bf8 16. Rg1 h5 17. Re1 Bb7 18. Kb1 0-0-0 19. a3 Nd7 20. Bh3 Qc4 21. Nb3 Rh6 22. Re3 Kb8 23. Na5 Qc7 24. Nxb7 Qxb7 25. Rg8 Rxf6 26. Qxh5 Ne5 27. Reg3 Qb6 28. Qh4 Be7 29. Qh8 Ng6 30. Rxd8+ Qxd8 31. Qh7 Qc7 32. Na2 Ne5 33. Rc3 Qb6 34. Nb4 Kb7 35. Nd3 Nc4 36. Ka2 Ka7 37. Bg2 Qd8 38. e5 dxe5 39. b3 Qd4 40. Qg8 e4 41. Qe8 Qd8 42. Qc6 Qd6 43. Nb4 Qxc6 44. Nxc6+ Kb7 45. Nxe7 Nd6 46. h4 Rf2 47. Bh3 b4 48. axb4 Nb5 49. Rc5 e3 50. Bg4 Nd4 51. Kb2 e2 52. Re5 Rh2 53. Kc3 f6 54. Re3 f5 55. Kxd4 fxg4 56. Ng6 g3 57. Ne5 Rxh4+ 58. Kc5 Rh2 59. Nf3 Rf2 60. Ne1 g2 61. Rg3 Rf1 62. Rxg2 Rxe1 63. Kc4 Kc6 64. Kd3 Kd6 65. Rxe2 Rd1+ 66. Rd2 Rh1 67. c4 Rh3+ 68. Kc2+ Kc7 69. c5 Rh4 70. Kc3 e5 71. Rd6 Rh3+ 72. Kb2 Rh2+ 73. Ka3 Rh1 74. Re6 Re1 75. Rb6 Kd7 76. Kb2 Re2+ 77. Kc3 Ra2 78. Kc4 1-0

[Event "IECG WC.2002.F.00010 email"]
[Site "IECG email"]
[Date "2002.12.15"]
[Round "?"]
[White "Chambers, Chris L"]
[Black "Janning, Henning"]
[Result "1/2-1/2"]
[WhiteElo "1788"]
[BlackElo "1521"]
[PlyCount "93"]
[EventDate "2002.12.15"]
[EventType "tourn (corr)"]
[EventRounds "10"]
[SourceTitle "Corr 2008"]
[Source "ChessBase"]
[SourceDate "2008.06.24"]
[SourceVersion "1"]
[SourceVersionDate "2008.06.24"]
[SourceQuality "1"]

1. e4 e6 2. Nf3 d5 3. Nc3 Nf6 4. e5 Ne4 5. Ne2 Bc5 6. d4 Be7 7. Ng3 c5 8. dxc5 Nxc5 9. Be2 Nc6 10. 0-0 0-0 11. Re1 Ne4 12. Nxe4 dxe4 13. Nd2 e3 14. fxe3 Nxe5 15. Nc4 Nxc4 16. Bxc4 Bd7 17. a4 Bc5 18. b3 Bc6 19. Qxd8 Rfxd8 20. Bd3 e5 21. Rf1 a6 22. a5 Rac8 23. Kf2 e4 24. Be2 Bb4 25. c4 Bc3 26. Ra2 Rd6 27. Rd1 Rxd1 28. Bxd1 Rd8 29. Ke2 f5 30. Bd2 Be5 31. g3 g5 32. Bb4 Kf7 33. Rd2 Rxd2+ 34. Bxd2 h5 35. Kf2 h4 36. gxh4 gxh4 37. h3 Kf6 38. Bc2 Bg3+ 39. Ke2 Be8 40. Bb4 Bh5+ 41. Kf1 Bf3 42. Bc3+ Be5 43. Be1 Kg5 44. Bd2 Bg3 45. Bc1 Bd6 46. Bd2 Bh5 47. Kf2 1/2-1/2

[Event "IECG WC.2002.F.00010 email"]
[Site "IECG email"]
[Date "2002.12.15"]
[Round "?"]
[White "Neumann, Ulrich"]
[Black "Janning, Henning"]
[Result "1/2-1/2"]
[WhiteElo "1585"]
[BlackElo "1521"]
[PlyCount "101"]
[EventDate "2002.12.15"]
[EventType "tourn (corr)"]
[EventRounds "10"]
[SourceTitle "Corr 2008"]
[Source "ChessBase"]
[SourceDate "2008.06.24"]
[SourceVersion "1"]
[SourceVersionDate "2008.06.24"]
[SourceQuality "1"]

1. e4 e6 2. d4 b5 3. Bxb5 Bb7 4. Bd3 f5 5. Qe2 Nf6 6. Nd2 c5 7. Ngf3 c4 8. Bxc4 fxe4 9. Ne5 Nc6 10. Nxc6 Bxc6 11. c3 d5 12. Bb5 Bxb5 13. Qxb5+ Qd7 14. Qxd7+ Kxd7 15. f3 Bd6 16. fxe4 Nxe4 17. Nxe4 dxe4 18. 0-0 Rhf8 19. Re1 e5 20. Rxe4 exd4 21. Rxd4 Rae8 22. Bg5 Kc6 23. b4 Bc7 24. Rc4+ Kb7 25. a4 h6 26. Bh4 g5 27. Bg3 Bb6+ 28. Kh1 Re2 29. h4 Re3 30. Kh2 gxh4 31. Rxh4 Rg8 32. Bf4 Re2 33. a5 Rexg2+ 34. Kh1 Bc7 35. Bxc7 Kxc7 36. Rxh6 Rc2 37. Rh3 Kc6 38. Rg1 Re8 39. Rg2 Re1+ 40. Kh2 Rcc1 41. Rf3 Kb5 42. Rg5+ Ka4 43. Rc5 Re7 44. Rd3 Rg7 45. Rg3 Rh7+ 46. Kg2 Kb3 47. Re3 Rg7+ 48. Kf2 Rf7+ 49. Rf3 Rg7 50. b5 Rc2+ 51. Ke3 1/2-1/2

[Event "IECG WC.2002.F.00010 email"]
[Site "IECG email"]
[Date "2002.12.15"]
[Round "?"]
[White "Richkov, Sergei"]
[Black "Janning, Henning"]
[Result "0-1"]
[WhiteElo "1767"]
[BlackElo "1521"]
[PlyCount "86"]
[EventDate "2002.12.15"]
[EventType "tourn (corr)"]
[EventRounds "10"]
[SourceTitle "Corr 2008"]
[Source "ChessBase"]
[SourceDate "2008.06.24"]
[SourceVersion "1"]
[SourceVersionDate "2008.06.24"]
[SourceQuality "1"]

1. e4 e6 2. d3 b5 3. g3 Bb7 4. Nf3 Nf6 5. Bg2 d5 6. exd5 Nxd5 7. 0-0 a6 8. c4 Nb4 9. Nc3 Nxd3 10. cxb5 axb5 11. Nxb5 c5 12. Qe2 Bc6 13. Ng5 Bxg2 14. Kxg2 Na6 15. Ne4 Nab4 16. Bg5 Qd7 17. a4 Be7 18. Bxe7 Kxe7 19. Ned6 Rhd8 20. Kg1 Qc6 21. Nc4 Kf8 22. Rfd1 Rd5 23. Qf3 Rad8 24. Qe2 Kg8 25. Rd2 e5 26. Qg4 g6 27. Qe2 R5d7 28. Nc3 Rd4 29. b3 e4 30. Rad1 f5 31. Nb5 R4d7 32. Rf1 Re8 33. Rfd1 Rf8 34. Qe3 f4 35. gxf4 Rxf4 36. Ne5 Nxe5 37. Qxf4 Nbd3 38. Rxd3 Nxd3 39. Qb8+ Kg7 40. Qe8 Qd5 41. h4 Qf5 42. Rd2 Kh6 43. Nc3 Qg4+ 0-1

[Event "IECG FI.2001.0.00009 (Class 3)"]
[Site "IECG email"]
[Date "2001.04.01"]
[Round "?"]
[White "Hynes, Thomas F"]
[Black "Janning, Henning"]
[Result "0-1"]
[WhiteElo "1370"]
[BlackElo "1430"]
[PlyCount "58"]
[EventDate "2001.04.01"]
[EventType "tourn (corr)"]
[EventRounds "11"]
[SourceTitle "Corr 2008"]
[Source "ChessBase"]
[SourceDate "2008.06.24"]
[SourceVersion "1"]
[SourceVersionDate "2008.06.24"]
[SourceQuality "1"]

1. e4 e6 2. d4 b5 3. Bxb5 Bb7 4. Bd3 f5 5. exf5 Bxg2 6. Qh5+ g6 7. fxg6 Bg7 8. gxh7+ Kf8 9. hxg8Q+ Kxg8 10. Qg6 Bxh1 11. Bf4 Bb7 12. c3 Nc6 13. Nd2 Ne7 14. Qg3 Nf5 15. Bxf5 exf5 16. Bxc7 Qh4 17. Nc4 Re8+ 18. Kd2 Qxg3 19. Bxg3 Ba6 20. Ne3 f4 21. Bxf4 Rf8 22. Bg3 Rxh2 23. Ne2 Rhxf2 24. Bxf2 Rxf2 25. Re1 Bh6 26. a3 d5 27. a4 Bc4 28. b4 Kf8 29. a5 Ke7 0-1

[Event "IECG FI.2001.0.00009 (Class 3)"]
[Site "IECG email"]
[Date "2001.04.01"]
[Round "?"]
[White "Janning, Henning"]
[Black "Ausan, Leo Tito Jr"]
[Result "1-0"]
[WhiteElo "1430"]
[BlackElo "1128"]
[PlyCount "87"]
[EventDate "2001.04.01"]
[EventType "tourn (corr)"]
[EventRounds "11"]
[SourceTitle "Corr 2008"]
[Source "ChessBase"]
[SourceDate "2008.06.24"]
[SourceVersion "1"]
[SourceVersionDate "2008.06.24"]
[SourceQuality "1"]

1. d4 g6 2. c4 Bg7 3. Nc3 d6 4. e4 Nc6 5. Be3 e5 6. d5 Nce7 7. g4 Nf6 8. f3 h5 9. g5 Nd7 10. h4 b6 11. Qd2 Nc5 12. Bh3 Bxh3 13. Rxh3 Qd7 14. Rh2 a6 15. Nge2 a5 16. Nb5 0-0 17. Rd1 Kh7 18. Nbc3 Rae8 19. Kf2 Ng8 20. Ng3 f5 21. exf5 Rxf5 22. Bxc5 bxc5 23. Nxf5 Qxf5 24. Ne4 Rf8 25. Qd3 Qf4 26. Kg2 Ne7 27. Ng3 Nf5 28. Nxf5 gxf5 29. Rh3 a4 30. Rf1 Rb8 31. b3 axb3 32. axb3 Ra8 33. Qc2 Kg6 34. Re1 Qd4 35. f4 e4 36. Rhe3 Bh8 37. R3e2 Re8 38. Qa2 Qc3 39. Re3 Qb4 40. Qa4 Qb8 41. Qd7 Bd4 42. Rxe4 Rxe4 43. Rxe4 Be5 44. Qe6+ 1-0

[Event "IECG FI.2001.0.00009 (Class 3)"]
[Site "IECG email"]
[Date "2001.04.01"]
[Round "?"]
[White "Janning, Henning"]
[Black "Neumann, Ulrich"]
[Result "1/2-1/2"]
[WhiteElo "1430"]
[BlackElo "1487"]
[PlyCount "48"]
[EventDate "2001.04.01"]
[EventType "tourn (corr)"]
[EventRounds "11"]
[SourceTitle "Corr 2008"]
[Source "ChessBase"]
[SourceDate "2008.06.24"]
[SourceVersion "1"]
[SourceVersionDate "2008.06.24"]
[SourceQuality "1"]

1. d4 Nf6 2. c4 g6 3. Nf3 Bg7 4. g3 0-0 5. Bg2 d6 6. Nc3 Nbd7 7. 0-0 e5 8. e4 a6 9. h3 exd4 10. Nxd4 c6 11. Be3 Re8 12. b3 Qc7 13. Qc2 Nf8 14. Rad1 Ne6 15. f4 Nh5 16. Nde2 b5 17. f5 Nc5 18. b4 Bxc3 19. Nxc3 Nxg3 20. fxg6 fxg6 21. bxc5 Nxf1 22. Rxf1 dxc5 23. cxb5 axb5 24. Bxc5 Be6 1/2-1/2

[Event "IECG WC.2004.P.00011 email"]
[Site "IECG email"]
[Date "2001.01.22"]
[Round "?"]
[White "Baer, Werner"]
[Black "Janning, Henning"]
[Result "1-0"]
[WhiteElo "2005"]
[BlackElo "1435"]
[PlyCount "39"]
[EventDate "2001.01.22"]
[EventType "tourn (corr)"]
[EventRounds "8"]
[SourceTitle "Corr 2008"]
[Source "ChessBase"]
[SourceDate "2008.06.24"]
[SourceVersion "1"]
[SourceVersionDate "2008.06.24"]
[SourceQuality "1"]

1. e4 c5 2. Nf3 d6 3. d4 cxd4 4. Nxd4 Nf6 5. Nc3 a6 6. Be2 Bd7 7. Be3 Nc6 8. Nb3 e6 9. Qd2 Be7 10. Rd1 h6 11. f4 e5 12. 0-0 0-0 13. f5 Rc8 14. a3 b5 15. Bxh6 gxh6 16. Qxh6 Nh7 17. Rxd6 Bg5 18. Qh5 Nd4 19. Nxd4 exd4 20. Rf3 1-0

[Event "IECG WC.2004.P.00011 email"]
[Site "IECG email"]
[Date "2001.01.22"]
[Round "?"]
[White "Dziedzina, Michael"]
[Black "Janning, Henning"]
[Result "1-0"]
[WhiteElo "1972"]
[BlackElo "1435"]
[PlyCount "41"]
[EventDate "2001.01.22"]
[EventType "tourn (corr)"]
[EventRounds "8"]
[SourceTitle "Corr 2008"]
[Source "ChessBase"]
[SourceDate "2008.06.24"]
[SourceVersion "1"]
[SourceVersionDate "2008.06.24"]
[SourceQuality "1"]

1. e4 e6 2. d4 b5 3. Bxb5 Bb7 4. Bd3 f5 5. Nd2 Nf6 6. f3 c5 7. exf5 cxd4 8. Qe2 Bd5 9. fxe6 dxe6 10. Nh3 Bd6 11. Ng5 e5 12. 0-0 Qc7 13. Nde4 Nbd7 14. Bc4 Bxe4 15. fxe4 Rc8 16. b3 Ke7 17. Qf2 Qb6 18. a4 Bc5 19. Ne6 Qb7 20. Qg3 Kd6 21. Qxg7 1-0

[Event "IECG CP.2000.P.00060"]
[Site "IECG email"]
[Date "2000.10.01"]
[Round "?"]
[White "Janning, Henning"]
[Black "Dulik, Jorge Pedro"]
[Result "1-0"]
[WhiteElo "1413"]
[BlackElo "2231"]
[PlyCount "49"]
[EventDate "2000.10.01"]
[EventType "tourn (corr)"]
[EventRounds "6"]
[EventCountry "NED"]
[SourceTitle "Corr 2008"]
[Source "ChessBase"]
[SourceDate "2008.06.24"]
[SourceVersion "1"]
[SourceVersionDate "2008.06.24"]
[SourceQuality "1"]

1. d4 Nf6 2. c4 e6 3. Nc3 Bb4 4. Qc2 0-0 5. a3 Bxc3+ 6. Qxc3 b6 7. g3 Bb7 8. Nf3 d6 9. Bg2 Nbd7 10. 0-0 Qe7 11. b4 a5 12. Bb2 Ne4 13. Qd3 f5 14. Rfd1 Ndf6 15. h3 d5 16. cxd5 exd5 17. b5 c5 18. bxc6 Bxc6 19. Ne5 Ba4 20. Rdc1 Rac8 21. Rxc8 Rxc8 22. Qa6 Qd8 23. Rc1 Rxc1+ 24. Bxc1 Nc3 25. Bg5 1-0

[Event "IECG CP.2000.P.00060"]
[Site "IECG email"]
[Date "2000.10.01"]
[Round "?"]
[White "Pidwell, Arryn Allen"]
[Black "Janning, Henning"]
[Result "1-0"]
[WhiteElo "1685"]
[BlackElo "1413"]
[PlyCount "45"]
[EventDate "2000.10.01"]
[EventType "tourn (corr)"]
[EventRounds "6"]
[EventCountry "NED"]
[SourceTitle "Corr 2008"]
[Source "ChessBase"]
[SourceDate "2008.06.24"]
[SourceVersion "1"]
[SourceVersionDate "2008.06.24"]
[SourceQuality "1"]

1. e4 e6 2. d4 b5 3. Bxb5 Bb7 4. Nc3 Bb4 5. Bd3 f5 6. Qh5+ g6 7. Qe2 Nf6 8. Bg5 Bxe4 9. Bxe4 fxe4 10. Bxf6 Qxf6 11. Qxe4 d5 12. Qe3 c5 13. dxc5 d4 14. Qe4 dxc3 15. 0-0-0 0-0 16. Qxa8 cxb2+ 17. Kb1 Bxc5 18. Nh3 Na6 19. Qc6 Bb6 20. Rhe1 Nc7 21. Re4 Rd8 22. Rxd8+ Qxd8 23. Kxb2 1-0

[Event "IECG WC.2002.S.00002 email"]
[Site "IECG email"]
[Date "2000.??.??"]
[Round "?"]
[White "Scheffner, Axel"]
[Black "Janning, Henning"]
[Result "1-0"]
[WhiteElo "2426"]
[BlackElo "1322"]
[PlyCount "61"]
[EventDate "2000.03.10"]
[EventType "tourn (corr)"]
[EventRounds "8"]
[SourceTitle "Corr 2008"]
[Source "ChessBase"]
[SourceDate "2008.06.24"]
[SourceVersion "1"]
[SourceVersionDate "2008.06.24"]
[SourceQuality "1"]

1. d4 g6 2. c4 Bg7 3. Nc3 d6 4. e4 Nc6 5. Be3 e5 6. d5 Nce7 7. c5 f5 8. Bb5+ Kf7 9. f3 Bh6 10. Qd2 Kg7 11. cxd6 Qxd6 12. 0-0-0 Bxe3 13. Qxe3 Nf6 14. Nge2 a6 15. Ba4 h6 16. Bc2 Bd7 17. f4 Rac8 18. Rhe1 Rhe8 19. Qg3 Nh5 20. Qf3 exf4 21. Nd4 fxe4 22. Nxe4 Qb6 23. Ne6+ Bxe6 24. Qc3+ Kg8 25. dxe6 Rf8 26. Rd7 Rce8 27. Qxc7 Qb4 28. Red1 Nf5 29. a3 Qb5 30. e7 Rf7 31. Bd3 1-0

[Event "IECG FI.1999.0.00004 (Class N) email"]
[Site "IECG email"]
[Date "1999.06.01"]
[Round "?"]
[White "Hadden, Ian"]
[Black "Janning, Henning"]
[Result "0-1"]
[WhiteElo "1598"]
[BlackElo "1111"]
[PlyCount "32"]
[EventDate "1999.06.01"]
[EventType "tourn (corr)"]
[EventRounds "11"]
[SourceTitle "Corr 2008"]
[Source "ChessBase"]
[SourceDate "2008.06.24"]
[SourceVersion "1"]
[SourceVersionDate "2008.06.24"]
[SourceQuality "1"]

1. e4 e5 2. Nf3 Nc6 3. d4 exd4 4. Bc4 Bc5 5. Ng5 Nh6 6. Nxf7 Nxf7 7. Bxf7+ Kxf7 8. Qh5+ g6 9. Qxc5 d5 10. exd5 Re8+ 11. Kf1 Re5 12. c4 Qh4 13. Nd2 Qh5 14. f3 Bh3 15. Qa3 Rae8 16. Ne4 Rxe4 0-1

[Event "IECG WC.2002.P.00001 email"]
[Site "IECG email"]
[Date "1999.??.??"]
[Round "?"]
[White "Coltharp, J Cameron"]
[Black "Janning, Henning"]
[Result "0-1"]
[WhiteElo "2216"]
[BlackElo "800"]
[PlyCount "98"]
[EventDate "1999.02.21"]
[EventType "tourn (corr)"]
[EventRounds "10"]
[SourceTitle "Corr 2008"]
[Source "ChessBase"]
[SourceDate "2008.06.24"]
[SourceVersion "1"]
[SourceVersionDate "2008.06.24"]
[SourceQuality "1"]

1. d4 Nf6 2. Bg5 c5 3. Bxf6 exf6 4. d5 d6 5. e3 g6 6. Nc3 a6 7. Nf3 Bg7 8. a4 0-0 9. Nd2 Nd7 10. Bd3 Re8 11. 0-0 Ne5 12. Be2 f5 13. a5 Rb8 14. Ra2 b5 15. axb6 Qxb6 16. Qa1 Ra8 17. Ra3 Ng4 18. Rb3 Qd8 19. Nc4 Ne5 20. Nb6 Rb8 21. Qa4 Bb7 22. Bxa6 Bxa6 23. Qxa6 Re7 24. Nca4 Reb7 25. h3 h6 26. Rb1 g5 27. f4 Nf3+ 28. gxf3 gxf4 29. exf4 Qh4 30. Qf1 Re8 31. Nc4 Rbe7 32. Re3 Rxe3 33. Nxe3 Rxe3 34. Nc3 Bxc3 35. bxc3 Qxf4 36. Qg2+ Kh7 37. Rf1 Re8 38. Kh1 Rg8 39. Qh2 Qh4 40. Rg1 Rxg1+ 41. Kxg1 Qe1+ 42. Kg2 Qd2+ 43. Kh1 Qd1+ 44. Qg1 Qxf3+ 45. Kh2 Qxd5 46. Qf2 Kg6 47. Qg3+ Kh5 48. Qf2 f4 49. c4 Qe4 0-1

[Event "IECG WC.2002.P.00001 email"]
[Site "IECG email"]
[Date "1999.??.??"]
[Round "?"]
[White "Fernandes, Fabio da Silva P"]
[Black "Janning, Henning"]
[Result "0-1"]
[WhiteElo "1294"]
[BlackElo "800"]
[PlyCount "20"]
[EventDate "1999.02.21"]
[EventType "tourn (corr)"]
[EventRounds "10"]
[SourceTitle "Corr 2008"]
[Source "ChessBase"]
[SourceDate "2008.06.24"]
[SourceVersion "1"]
[SourceVersionDate "2008.06.24"]
[SourceQuality "1"]

1. e4 c5 2. Nf3 e6 3. d4 cxd4 4. Nxd4 Nf6 5. Nc3 d6 6. Bg5 Be7 7. f4 0-0 8. Qd2 a6 9. e5 dxe5 10. fxe5 Nfd7 0-1

[Event "IECG WC.2002.P.00001 email"]
[Site "IECG email"]
[Date "1999.??.??"]
[Round "?"]
[White "Janning, Henning"]
[Black "Jelen, Jean Luc"]
[Result "0-1"]
[WhiteElo "800"]
[BlackElo "1978"]
[PlyCount "76"]
[EventDate "1999.02.21"]
[EventType "tourn (corr)"]
[EventRounds "10"]
[SourceTitle "Corr 2008"]
[Source "ChessBase"]
[SourceDate "2008.06.24"]
[SourceVersion "1"]
[SourceVersionDate "2008.06.24"]
[SourceQuality "1"]

1. d4 d5 2. c4 c6 3. Nf3 Nf6 4. Nc3 e6 5. e3 Nbd7 6. Bd3 dxc4 7. Bxc4 b5 8. Bd3 Bb7 9. 0-0 a6 10. a3 c5 11. Qe2 Bd6 12. e4 cxd4 13. Nxd4 0-0 14. Bg5 h6 15. Bc1 Nc5 16. Bc2 Be5 17. Rd1 Qc7 18. f4 Bxf4 19. Bxf4 Qxf4 20. Rf1 Qg4 21. Rad1 Qxe2 22. Ndxe2 Ncxe4 23. Bxe4 Nxe4 24. Rd7 Nc5 25. Re7 Rab8 26. b4 Nd3 27. Nf4 Ne5 28. Re1 Nc4 29. Nd3 Nxa3 30. Ra1 Nc2 31. Rc1 Ne3 32. Kf2 Nxg2 33. Nc5 Nf4 34. Rxb7 Rxb7 35. Kf3 Rb6 36. Kxf4 Rd8 37. Ke3 f5 38. Nd7 Rxd7 0-1

[Event "IECG CP.1998.P.00049"]
[Site "IECG email"]
[Date "1998.10.01"]
[Round "?"]
[White "Pedlar, Todd K"]
[Black "Janning, Henning"]
[Result "1-0"]
[WhiteElo "1582"]
[BlackElo "800"]
[PlyCount "121"]
[EventDate "1998.10.01"]
[EventType "tourn (corr)"]
[EventRounds "6"]
[EventCountry "USA"]
[SourceTitle "Corr 2008"]
[Source "ChessBase"]
[SourceDate "2008.06.24"]
[SourceVersion "1"]
[SourceVersionDate "2008.06.24"]
[SourceQuality "1"]

1. d4 Nf6 2. c4 e6 3. Nc3 Bb4 4. Qc2 0-0 5. Qd3 c5 6. a3 cxd4 7. axb4 dxc3 8. bxc3 d5 9. Nf3 Qc7 10. cxd5 Nxd5 11. Bb2 f5 12. e3 Rd8 13. Qc4 Nc6 14. Nd4 e5 15. Nxc6 bxc6 16. Qc5 Qd6 17. Qxd6 Rxd6 18. Rd1 Re6 19. Bc4 Bb7 20. g4 e4 21. gxf5 Rf6 22. Rd4 Re8 23. 0-0 Rxf5 24. Ra1 a6 25. f4 exf3 26. e4 Rg5+ 27. Kf1 Rg2 28. Bc1 Bc8 29. exd5 Bh3 30. dxc6+ Kh8 31. Rh4 Ra2+ 32. Rxh3 Rxa1 33. Kf2 Rxc1 34. Rxf3 g5 35. Bxa6 Re7 36. b5 Rc2+ 37. Kg3 Rb2 38. h4 gxh4+ 39. Kxh4 Re4+ 40. Kg5 Rc4 41. Kf6 Rc5 42. Ke6 Rd2 43. Rf8+ Kg7 44. Rf7+ Kg6 45. Rd7 Rf2 46. Rd3 Rf6+ 47. Kd7 Kg5 48. Kd8 Rf7 49. Rd7 Rf8+ 50. Kc7 h5 51. b6 Rf6 52. Rd6 Rf7+ 53. Kd8 Rf8+ 54. Kd7 h4 55. b7 Rf7+ 56. Ke8 Rh7 57. Bd3 Rh8+ 58. Kd7 Rf8 59. Rd4 h3 60. c7 h2 61. Be4 1-0

[Event "IECG CP.1998.P.00049"]
[Site "IECG email"]
[Date "1998.10.01"]
[Round "?"]
[White "Roe, Philip Lawrence"]
[Black "Janning, Henning"]
[Result "1-0"]
[WhiteElo "2036"]
[BlackElo "800"]
[PlyCount "107"]
[EventDate "1998.10.01"]
[EventType "tourn (corr)"]
[EventRounds "6"]
[EventCountry "USA"]
[SourceTitle "Corr 2008"]
[Source "ChessBase"]
[SourceDate "2008.06.24"]
[SourceVersion "1"]
[SourceVersionDate "2008.06.24"]
[SourceQuality "1"]

1. Nc3 d5 2. e4 d4 3. Nce2 e5 4. Ng3 Bd6 5. c3 Nf6 6. cxd4 exd4 7. Qa4+ Nc6 8. Bb5 Bd7 9. d3 Nb4 10. Bxd7+ Qxd7 11. Qxd7+ Nxd7 12. Ke2 Nc5 13. Nf3 Ncxd3 14. Nf5 Nxc1+ 15. Raxc1 Bf4 16. Rc4 d3+ 17. Kd1 Nc6 18. Nxg7+ Kf8 19. Nf5 Rd8 20. g3 Bd6 21. a3 Be7 22. Re1 Bf6 23. e5 Rd5 24. Ne3 Rxe5 25. Nxe5 Bxe5 26. Nf5 f6 27. b4 a6 28. Re3 Kf7 29. f4 Bd6 30. Rxd3 Rd8 31. Ke2 h5 32. Kf3 Kg6 33. Nxd6 cxd6 34. h3 d5 35. Rc5 d4 36. b5 axb5 37. Rxb5 Rd7 38. g4 hxg4+ 39. hxg4 Rh7 40. Rdb3 Na5 41. R3b4 Nc6 42. Rxb7 Rh3+ 43. Kg2 Rxa3 44. R4b6 Rc3 45. Rc7 Na5 46. Rxc3 dxc3 47. Rb5 Nc6 48. Rc5 Nb4 49. Rxc3 Nd5 50. Rf3 Kf7 51. Kg3 Ne7 52. Ra3 Nd5 53. Kf3 Ne7 54. Ke4 1-0